LEADER 01161nam a2200265 4500 001 000000354179 003 CaOOAMICUS 005 20230612122925.0 008 230612s1954 it 000 u ita r 040 $aSeMil$bita 100 0 $aIoannes XXIII,$c.$0(OLS)http://semarc/name/1335 245 10$a25. della Conciliazione : $b11 febbraio 1954 /$cAngelo Giuseppe card. Roncalli. 264 1$aVenezia :$bNuova Editoriale,$c[1954?] 300 $a18 p. ;$c17 cm 500 $aDiscorso tenuto nella Basilica di San Marco alla presenza delle massime Autorità, durante, la Funzione promossa dall'Azione Cattolica 650 4$aConciliazione.$0(OLS)http://semarc/subject/34298 850 $aSeMil 852 $aSeMil$W1$xVenegono$y1$m5A IV 6/16$j241354$B245423$CSeMilBibl$Z2$F245423 $81 900 1 $aRoncalli, Angelo Giuseppe,$d<1881-1963>. 900 0 $aGiovanni XXIII$c. 996 $6245$a25. della Conciliazione : $b11 febbraio 1954$9(OLS)http://semarc/title/444316 996 $6264$aVenezia :$bNuova Editoriale$9(OLS)http://semarc/publisher/44946 LEADER 00813nam a2200205 i 4500 001 000000048051 003 CaOOAMICUS 005 20120416000000.0 008 120416s1954 it u000 u ita u 013 $a19221 040 $aSeMil$bita 100 1 $aScalia, Giuseppe.$0(OLS)http://semarc/name/528 245 13$aLa Visione Beatifica della Madonna /$cMons. Dott. Giuseppe Scalia. 260 $aCatania :$bOfficina Grafica Moderna,$c1954. 300 $a125 p. ;$c20 cm. 650 4$aMadonna - Meditazioni.$0(OLS)http://semarc/subject/920 850 $aSeMil 852 $aSeMil$W1$xVenegono$y1$m2D II 90$j14206$B14206$CSeMilBibl$Z2$F14206 $81 996 $6245$aLa Visione Beatifica della Madonna$9(OLS)http://semarc/title/72600 996 $6260$aCatania :$bOfficina Grafica Moderna$9(OLS)http://semarc/publisher/40994